Every Green Bay Packers Head Coach - Statistics

General Stats
  • This quiz has been taken 22 times
  • The average score is 7 of 17
Answer Stats
Years Answer % Correct
2006-2018 Mike McCarthy
100%
1959-1967 Vince Lombardi
91%
2019- Matt LaFleur
86%
1992-1998 Mike Holmgren
86%
1921-1949 Curly Lambeau
82%
1975-1983 Bart Starr
59%
1984-1987 Forrest Gregg
59%
2000-2005 Mike Sherman
36%
1988-1991 Lindy Infante
32%
1999 Ray Rhodes
32%
1971-1974 Dan Devine
27%
1968-1970 Phil Bengston
23%
1954-1957 Lisle Blackbourn
9%
1953 Ray McLean
9%
1958 Ray McLean
9%
1950-1953 Gene Ronzani
5%
1953 Hugh Devore
0%
No matching quizzes found
Score Distribution
Percent of People with Each Score
Percentile by Number Answered
Your Score History
You have not taken this quiz